Automatizácia hodnotenia predmetu použitím aplikácie MS Access 2007 diplomová práca

Na minha lista:
Detalhes bibliográficos
Autor principal: Lipková, Miroslava
Autor Corporativo: Fakulta hospodárskej informatiky EU. Katedra aplikovanej informatiky
Outros Autores: Brixová, Janette
Formato: Livro
Idioma:eslovaco
Publicado em: Bratislava 2012
Tags: Adicionar Tag
Sem tags, seja o primeiro a adicionar uma tag!

MARC

LEADER 00000nbm a2200000 4500
001 0155021
005 20161109102200.9
041 0 |a slo 
044 |a SK 
245 1 0 |a Automatizácia hodnotenia predmetu použitím aplikácie MS Access 2007  |b diplomová práca  |c Miroslava Lipková ; školiteľ: Janette Brixová 
264 1 |a Bratislava  |c 2012 
300 |a 66 s. 
100 1 |a Lipková, Miroslava 
700 1 |a Brixová, Janette 
710 2 |a Fakulta hospodárskej informatiky EU. Katedra aplikovanej informatiky